• 首页
  • 本馆介绍
  • 公告通知
  • 最新文献
  • 馆藏检索
  • 电子资源
  • 读者导购
  • 参考咨询
  • 我的图书馆
  • 登录
  • 详细信息显示
  • 放入我的书架
  • 预约/预借图书
  • 作者相关作品
  • 分类相关作品
  • 丛书相关作品
  • 出版社相关作品

书目信息

  • 表格格式
  • 工作单格式
  • 卡片格式
题名:
多肉植物BOOK
    
 
作者: 季色 著 ;唐宁 译
分册:  
出版信息: 沈阳   辽宁科学技术出版社  2015.09
页数: 127页
开本: 24cm
丛书名:
单 册:
中图分类: S682.33
科图分类:
主题词: 多浆植物--duo jiang zhi wu--观赏园艺
电子资源:
ISBN: 978-7-5381-9401-2
000 01143nam0 2200265 450
001 0106081748
005 20201106082042.0
010    @a978-7-5381-9401-2@dCNY38.00
100    @a20151126d2015 em y0chiy50 ea
101 1  @achi@jjpn
102    @aCN@b210000
105    @aa z 000yy
106    @ar
200 1  @a多肉植物BOOK@Aduo rou zhi wu BOOK@e从多肉植物的繁殖技巧到混栽、装饰方法@f(日)季色著@g唐宁译
210    @a沈阳@c辽宁科学技术出版社@d2015.09
215    @a127页@c图@d24cm
305    @a由MATES PUBLISHING CO. LTD.授权出版
330    @a本书首先介绍了多肉植物的习性以及养护办法。然后从培育多肉植物的幼苗开始介绍如何防止病虫害、分株、以及修整长势不良的植物。在此基础上,本书用大笔墨着重介绍了多肉植物的混栽技巧,给出了多种时下流行的多肉植物种植搭配,包括多肉混栽、多肉板画、多肉花环等。
517 1  @a从多肉植物的繁殖技巧到混栽、装饰方法@Acong duo rou zhi wu de fan zhi ji qiao dao hun zai 、 zhuang shi fang fa
606 0  @a多浆植物@Aduo jiang zhi wu@x观赏园艺
690    @aS682.33@v5
701 02 @c(日)@a季色@Aji se@4著
702  0 @a唐宁@Atang ning@4译
801  0 @aCN@bBJSZM@c20201106
905    @b1190828-31@dS682.33@e607@f4
    
    多肉植物BOOK:从多肉植物的繁殖技巧到混栽、装饰方法/(日)季色著/唐宁译.-沈阳:辽宁科学技术出版社,2015.09
    127页:图;24cm
    
    
    ISBN 978-7-5381-9401-2:CNY38.00
    本书首先介绍了多肉植物的习性以及养护办法。然后从培育多肉植物的幼苗开始介绍如何防止病虫害、分株、以及修整长势不良的植物。在此基础上,本书用大笔墨着重介绍了多肉植物的混栽技巧,给出了多种时下流行的多肉植物种植搭配,包括多肉混栽、多肉板画、多肉花环等。
●
相关链接 在E读中查询图书 在五车中查询图书 在当当中查询图书 在豆瓣中查询图书


正题名:多肉植物BOOK     索取号:S682.33/607         预约/预借

序号 登录号 条形码 馆藏地/架位号 状态 备注
1 1190828   211908284   第二样本阅览室/ [索取号:S682.33/607] 在馆    
2 1190829   211908293   第三借阅区/ [索取号:S682.33/607] 在馆    
3 1190830   211908300   第三借阅区/ [索取号:S682.33/607] 在馆    
4 1190831   211908319   第三借阅区/ [索取号:S682.33/607] 在馆    
唐山师范学院图书馆 欢迎您!
大连网信软件有限公司© 版权所有